[Event "Mecklenburg VP-ch U14"]
[Site "Malchow"]
[Date "2015.02.01"]
[Round "2.9"]
[White "Stadach, Pepe"]
[Black "Stobbe, Virginie Josephine"]
[Result "1-0"]
[WhiteElo "1140"]
[BlackElo "824"]
[PlyCount "63"]
[EventDate "2015.01.31"]
[EventType "swiss"]
[EventRounds "7"]
[EventCountry "GER"]
[SourceTitle "EXT 2022"]
[Source "ChessBase"]
[SourceDate "2021.10.06"]
[SourceVersion "1"]
[SourceVersionDate "2021.10.06"]
[SourceQuality "1"]

1. e4 e5 2. Nf3 Nc6 3. Bc4 Nf6 4. Ng5 Rg8 5. Bxf7+ Ke7 6. Bxg8 Nxg8 7. d3 Ke8 8. Nf3 Nf6 9. Bg5 Be7 10. Nc3 d6 11. d4 Be6 12. Bxf6 Bxf6 13. d5 Bxd5 14. exd5 Nb4 15. a3 Na6 16. Ne4 Be7 17. Qd3 Qd7 18. 0-0 Rb8 19. b4 c6 20. dxc6 Qxc6 21. b5 Qc7 22. bxa6 bxa6 23. Rab1 Rd8 24. Ned2 Qc6 25. Rb2 Bf6 26. Rfb1 Qc7 27. Rb7 Qc5 28. Qxh7 d5 29. Qh8+ Qf8 30. Qh5+ g6 31. Qxg6+ Qf7 32. Qxf7# 1-0